| 000 | 00378pab a2200145 454500 | ||
|---|---|---|---|
| 008 | 180718b1985 xxu||||| |||| 00| 0 eng d | ||
| 245 | _aRoad traffic accidents in developing Countries. | ||
| 260 | _c1985 | ||
| 300 | _a7 - 13. | ||
| 362 | _aDec. | ||
| 650 | _aAccidents, traffic - Under -Developed Area | ||
| 773 | _aJournal of Transport Management | ||
| 908 | _aN | ||
| 909 | _a566 | ||
| 999 |
_c566 _d566 |
||